| 000 | 00823nam a22002177a 4500 | ||
|---|---|---|---|
| 005 | 20100806123653.0 | ||
| 010 | _aENG-98589 | ||
| 020 |
_a9789380439112 _c90.00 |
||
| 035 | _aEN-82122 | ||
| 037 | _bDBAD/PUB | ||
| 082 | _a621.3815 | ||
| 100 |
_aThirumoorthy, P. _97616 |
||
| 245 |
_aElectronic devices and applications / _cby P. Thirumoorthy |
||
| 260 |
_aErode (Tamilnadu) _bKongunadu Literature _c2009 |
||
| 270 |
_a93, Chinnamuthu Main Street, E. K. Valsu _bErode (Tamilnadu) _e638011 |
||
| 300 |
_avi, 110p. _c21cm (pbk) |
||
| 650 |
_aElectronic appartus application _97617 |
||
| 650 |
_aSolid state electronic _97618 |
||
| 942 |
_2ddc _cEN _h621.3815 _mTHI |
||
| 999 |
_c39716 _d39716 |
||